[Event "Floripa Chess Open 2024"]
[Site "Florianopolis"]
[Date "2024.01.25"]
[Round "7.70"]
[White "Gruettner, Ralf"]
[Black "Cardoso, Maria Paula Da Silv"]
[Result "1/2-1/2"]
[WhiteElo "2071"]
[BlackElo "1780"]
[PlyCount "126"]
[EventDate "2024.01.20"]
[EventRounds "10"]
[EventCountry "BRA"]

1. d4 d5 2. c4 e6 3. Nc3 a6 4. cxd5 exd5 5. Bf4 Nf6 6. e3 Bd6 7. Bxd6 Qxd6 8.
Bd3 c6 9. h3 O-O 10. Nf3 Be6 11. O-O Nbd7 12. Qc2 Rfe8 $146 ({RR} 12... Rac8
13. Na4 c5 14. dxc5 Nxc5 15. Nxc5 Rxc5 16. Qe2 Rfc8 17. Rfd1 Bd7 18. Nd4 Qe5
19. Qe1 Qg5 20. f4 Qh6 21. Rac1 Rxc1 22. Rxc1 Re8 23. Qg3 g6 24. Rc7 Rc8 25.
Rxb7 Rc1+ 26. Kf2 Qf8 27. Qg5 {Miron,L (2502)-Antonica,D (2366) Sebes ROU 2023
1-0 (42)}) ({RR} 12... a5 13. a3 h6 14. b4 b5 15. Ne2 Nb6 16. Qc5 Qxc5 17. dxc5
Nc4 18. Ned4 Bd7 19. Bxc4 bxc4 20. Ne5 Rfc8 21. f3 Be8 22. Rfb1 Kf8 23. Nf5
axb4 24. axb4 Rxa1 25. Rxa1 Rb8 26. Nd6 Rxb4 27. Ra8 {Kaufman,R (2143)-Sebag,M
(2430) chess.com INT 2023 0-1}) 13. Rfc1 Rac8 14. Na4 Ne4 15. Nc5 Ndxc5 16.
dxc5 Qc7 17. Nd4 Bd7 18. b4 h6 19. Re1 Qd8 20. f3 Ng3 21. Qf2 Qc7 22. Rad1 Re7
23. Bb1 Rce8 24. Qc2 g6 25. Qf2 Kh7 26. a3 Be6 27. f4 Ne4 28. Bxe4 dxe4 29. f5
Bc4 30. Qb2 Qe5 31. Rd2 gxf5 32. Rf2 Be6 33. Ref1 Rg8 34. Qe2 f4 35. Nxe6 f3
36. Qc2 fxg2 37. Rxf7+ Kh8 38. Rd1 Rxf7 39. Nf4 Rfg7 40. Qc1 Kh7 41. Rd6 Rf8
42. Re6 Qf5 43. Qe1 Rf6 44. Re8 Rf8 45. Re6 Qg5 46. Qb1 Rxf4 47. exf4 Qxf4 48.
Qxe4+ Qxe4 49. Rxe4 Kg8 50. Rg4 Rxg4 51. hxg4 Kf7 52. Kxg2 Ke6 53. Kg3 a5 54.
Kh4 axb4 55. axb4 Kf6 56. Kh5 Kg7 57. g5 hxg5 58. Kxg5 Kf7 59. Kf5 Ke7 60. Ke5
Kd7 61. Kf6 Kd8 62. Ke6 Ke8 63. Kd6 Kd8 1/2-1/2

[Event "Floripa Chess Open 2024"]
[Site "Florianopolis"]
[Date "2024.01.25"]
[Round "7.71"]
[White "Ferreira, Rodrigo Maycon Mira"]
[Black "Araujo, Renan Aparecido"]
[Result "0-1"]
[WhiteElo "1754"]
[BlackElo "2062"]
[PlyCount "73"]
[EventDate "2024.01.20"]
[EventRounds "10"]
[EventCountry "BRA"]

1. b3 e5 2. Bb2 d6 3. Nf3 f5 4. c4 ({RR} 4. d4 e4 5. Nfd2 Nf6 6. c4 c6 7. d5 c5
8. e3 Nbd7 9. f3 exf3 10. Qxf3 Ne5 11. Bxe5 dxe5 12. e4 f4 13. Nc3 Qa5 14. g3
Bg4 15. Qd3 Bd6 16. Rg1 O-O 17. Be2 h5 18. O-O-O a6 {Nepomniachtchi,I (2784)
-Matveev,V (2368) chess.com INT 2020 1-0 (36)}) ({RR} 4. g3 Nf6 5. c4 Be7 6.
Nc3 O-O 7. Bh3 Nc6 8. d4 e4 9. Nh4 f4 10. Bxc8 Qxc8 11. Ng2 f3 12. exf3 exf3
13. Nf4 Qg4 14. h3 Qf5 15. Qb1 Nxd4 16. Qxf5 Nxf5 17. O-O-O Rf7 18. Rd3 Nd7 {
Gorodetzky,D (2492)-Kopczynski,M (2225) chess.com INT 2023 0-1 (41)}) 4... Nf6
5. Nc3 $146 ({RR} 5. g3 g6 6. Bg2 Bg7 7. O-O O-O 8. d3 a5 9. Nc3 Nc6 10. Qc2 h6
11. a3 Qe8 12. Nd5 Qf7 13. e4 Be6 14. Qd2 fxe4 15. Nxf6+ Qxf6 16. dxe4 g5 17.
Ne1 a4 18. Rc1 axb3 19. f4 gxf4 {Grave,J (2196)-Luxama,J (1933) chess.com INT
2022 1-0 (40)}) 5... Be7 6. e3 c5 7. d3 Nc6 8. Be2 O-O 9. O-O Kh8 10. a3 a6 11.
Rc1 Rb8 12. Nd5 Be6 13. Ng5 Bg8 14. Nxe7 Qxe7 15. Nh3 Rbd8 16. Qd2 Rfe8 17. b4
cxb4 18. axb4 d5 19. b5 Nb8 20. Qa5 dxc4 21. dxc4 axb5 22. cxb5 b6 23. Qa1 Rd2
24. Bc4 Nbd7 25. Bxg8 Kxg8 26. Ba3 Qe6 27. Bb4 Ra2 28. Qb1 Ra4 29. Ng5 Qa2 30.
Rc6 Qxb1 31. Rxb1 Rea8 32. g3 h6 33. Nf3 Ra1 34. Rcc1 Rxb1 35. Rxb1 Nd5 36. Bd6
e4 37. Nh4 0-1

[Event "Floripa Chess Open 2024"]
[Site "Florianopolis"]
[Date "2024.01.25"]
[Round "7.72"]
[White "Pereira, Arthur Macedo"]
[Black "Zacarias, Rodrigo Medeiros"]
[Result "0-1"]
[WhiteElo "1764"]
[BlackElo "2058"]
[PlyCount "60"]
[EventDate "2024.01.20"]
[EventRounds "10"]
[EventCountry "BRA"]

1. c4 c5 2. Nf3 Nc6 3. Nc3 g6 4. g3 Bg7 5. Bg2 Nf6 6. O-O O-O 7. d4 d6 8. d5
Na5 9. Nd2 Ng4 10. Qc2 a6 ({RR} 10... Bf5 11. e4 Bd7 12. h3 Ne5 13. b3 b5 14.
cxb5 Qb6 15. f4 Nd3 16. Nc4 Nxc4 17. bxc4 Nxc1 18. Rfxc1 a6 19. a4 Qa5 20. Rab1
Rfb8 21. Rb3 axb5 22. axb5 Qb6 23. Qb2 Ra5 24. Ra1 Rba8 25. Rba3 {Almasi,Z  
(2687)-Sardy,P (2353) Ajka HUN 2019 1-0 (37)}) 11. h3 Ne5 12. b3 b5 13. cxb5
$146 ({RR} 13. f4 Nd7 14. Bb2 bxc4 15. bxc4 Nb6 16. Nd1 Bxb2 17. Nxb2 Bd7 18.
e4 Rb8 19. f5 gxf5 20. exf5 f6 21. Rf4 Be8 22. Nd3 Nd7 23. Ne4 Ne5 24. Nxe5
dxe5 25. Rg4+ Kh8 26. Nxc5 Qb6 27. Qf2 Bh5 {Fridh,A-Olsson,A Norrkoeping 1968
0-1 (51)}) 13... axb5 14. Bb2 Ba6 15. f4 Nd7 16. Rfe1 Rc8 17. Nce4 Bxb2 18.
Qxb2 b4 19. a3 Qb6 20. axb4 cxb4+ 21. Kh2 Ra8 22. Nf3 Bb7 23. Red1 Rfc8 24. Ra4
Nc4 25. Qa1 Rxa4 26. Qxa4 Nc5 27. Nxc5 Nb2 28. Qd7 Nxd1 29. Nxb7 Rb8 30. Qxe7
Rxb7 0-1

[Event "Floripa Chess Open 2024"]
[Site "Florianopolis"]
[Date "2024.01.25"]
[Round "7.73"]
[White "Felix, Raimundo Nascimento"]
[Black "Lima, Vinicius Taishun"]
[Result "0-1"]
[WhiteElo "1749"]
[BlackElo "2047"]
[PlyCount "38"]
[EventDate "2024.01.20"]
[EventRounds "10"]
[EventCountry "BRA"]

1. e4 c5 2. Nf3 d6 3. Nc3 Nc6 4. Bb5 Bd7 5. d3 g6 6. a3 ({RR} 6. Bf4 Bg7 7. Qd2
Nd4 8. Bxd7+ Qxd7 9. Nxd4 cxd4 10. Ne2 h5 11. Qb4 e5 12. Bg5 a5 13. Qb3 a4 14.
Qb4 Bf8 15. c4 d5 16. Qb5 Qxb5 17. cxb5 dxe4 18. dxe4 Ra5 19. b6 Bb4+ 20. Bd2
Rb5 {Marcovici,A (2210)-Heinemann,T (2380) Luxembourg 1993 0-1 (51)}) ({RR} 6.
Be3 Bg7 7. Qd2 a6 8. Bxc6 Bxc6 9. d4 cxd4 10. Bxd4 e5 11. Be3 Nf6 12. Bg5 O-O
13. O-O-O Qc7 14. Bxf6 Bxf6 15. Qxd6 Qxd6 16. Rxd6 Be7 17. Rdd1 Rfe8 18. h4 Bc5
19. Rhf1 Rad8 20. Rxd8 Rxd8 {Aslan,M-Simsek,A Adapazari TUR 2022 0-1 (44)})
6... Bg7 7. O-O Nf6 8. Bg5 $146 ({RR} 8. Rb1 O-O {1/2-1/2 (8) Thomsen,B (2060)
-Petersen,T (2003) Faroe Islands 2015}) 8... h6 9. Bd2 O-O 10. Bc4 Rb8 11. Rb1
Bg4 12. h3 Bh5 13. g4 Nxg4 14. hxg4 Bxg4 15. d4 Nxd4 16. Be2 Nxe2+ 17. Qxe2 Qd7
18. Rfe1 Bh5 19. Kh1 Qh3+ 0-1

[Event "Floripa Chess Open 2024"]
[Site "Florianopolis"]
[Date "2024.01.25"]
[Round "7.74"]
[White "Mariani, Daniel Brandao"]
[Black "Ribeiro Carrico, Victor Hugo"]
[Result "1-0"]
[WhiteElo "2040"]
[BlackElo "1746"]
[PlyCount "91"]
[EventDate "2024.01.20"]
[EventRounds "10"]
[EventCountry "BRA"]

1. c4 Nf6 2. Nc3 c5 3. g3 Nc6 4. Bg2 e6 5. Nf3 Be7 6. O-O O-O 7. d4 cxd4 8.
Nxd4 a6 9. b3 d5 ({RR} 9... Re8 10. e4 Qc7 11. Bb2 b6 12. e5 Bb7 13. exf6 Bxf6
14. Nxc6 Bxc6 15. Na4 Bxg2 16. Kxg2 Bxb2 17. Nxb2 b5 18. Qf3 bxc4 19. Nxc4 d5
20. Ne3 Rad8 21. Rfc1 Qb7 22. Rc5 Rd7 23. Rac1 Red8 24. Ng4 {Pavao,F (1783)
-Cabral,V (1358) Florianopolis BRA 2024 1-0 (49)}) 10. cxd5 Nxd5 ({RR} 10...
exd5 11. Bb2 Be6 12. Rc1 Rc8 13. Na4 Nxd4 14. Qxd4 Qa5 15. Qb6 Rxc1 16. Qxa5 {
1-0 (16) Tomashevsky,E (2646)-Mamedov,R (2586) Khanty-Mansiysk 2007}) 11. Nxd5
exd5 12. Nxc6 $146 ({RR} 12. Bb2 Bf6 13. Qd2 Be6 14. Rac1 Rc8 15. Rfd1 Qd7 16.
Nxc6 Bxb2 17. Qxb2 Rxc6 18. Rxc6 Qxc6 19. Qd2 Qb5 20. e3 g6 21. h4 Qc5 22. Qd4
Qxd4 23. Rxd4 Rc8 24. Bxd5 Rc1+ 25. Kg2 Bxd5+ 26. Rxd5 Rc2 {Colls Gelaberto,E 
(2265)-Maynat Anglas,J Lloret del Mar 1997 1-0 (46)}) ({RR} 12. Be3 Be6 13. Qd2
Qd7 14. Nxc6 bxc6 15. Qc3 Rfc8 16. Bc5 Bxc5 17. Qxc5 Qa7 18. Rac1 Qxc5 19. Rxc5
f5 20. Rfc1 Bd7 21. b4 Re8 22. e3 Rab8 23. a3 Rb5 24. Kf1 Kf8 25. Ke2 Ke7 26.
Kd2 Kd6 {Piepho,N (2231)-Zeldin,L (1905) Dortmund 2007 1-0 (60)}) 12... bxc6
13. Be3 Bf5 14. Rc1 Rc8 15. Bc5 Re8 16. e3 Qa5 17. Bxe7 Rxe7 18. g4 Be4 19. h3
Qb4 20. Qd4 Qxd4 21. exd4 Bxg2 22. Kxg2 f5 23. Rfe1 Rxe1 24. Rxe1 fxg4 25. hxg4
Kf7 26. Rc1 Ke6 27. Rc5 Kd6 28. Ra5 Re8 29. f3 Ra8 30. Kg3 Kc7 31. Kf4 Kb6 32.
Rc5 a5 33. Ke5 g6 34. Kd6 Rd8+ 35. Ke7 Rg8 36. f4 Ra8 37. f5 gxf5 38. gxf5 Rg8
39. f6 Rg4 40. f7 Re4+ 41. Kd8 Rf4 42. Ke7 Re4+ 43. Kd6 Rf4 44. Rxc6+ Kb7 45.
Rc7+ Kb8 46. Ke7 1-0

[Event "Floripa Chess Open 2024"]
[Site "Florianopolis"]
[Date "2024.01.25"]
[Round "7.76"]
[White "Felix, Joao Eduardo Orland"]
[Black "Soares, Joao Carlos T. C."]
[Result "0-1"]
[WhiteElo "1703"]
[BlackElo "1983"]
[PlyCount "150"]
[EventDate "2024.01.20"]
[EventRounds "10"]
[EventCountry "BRA"]

1. e4 c5 2. Nf3 e6 3. d3 d5 4. Nbd2 Nc6 5. g3 Nf6 6. Bg2 Be7 7. O-O O-O 8. Re1
Qc7 9. h3 ({RR} 9. a4 b6 10. e5 Nd7 11. Qe2 Nb4 12. Nf1 Ba6 13. Bf4 c4 14. dxc4
Bxc4 15. Qd2 Bxf1 16. Bxf1 Qxc2 17. Rec1 Qxd2 18. Bxd2 Rac8 19. Bb5 Nb8 20. Nd4
a6 21. Be2 Bc5 22. Nb3 a5 23. Bb5 f6 {De Vreugt,D (2448)-Berelowitsch,A (2571)
Vlaardingen 2005 1-0 (62)}) 9... b5 10. Nf1 $146 ({RR} 10. Nh2 c4 11. dxc4 bxc4
12. exd5 exd5 13. Ndf3 Bc5 14. Be3 Bd6 15. Nd4 Rb8 16. Nxc6 Qxc6 17. Bd4 Ne4
18. Ng4 Bc5 19. Ne3 Be6 20. Bxc5 Qxc5 21. b3 Nf6 22. Qe2 Rfc8 23. bxc4 d4 24.
Nd5 Bxd5 {Princep Borras,J-Lopez,S Tarragona 1993 1/2-1/2 (45)}) ({RR} 10. Nh2
Bb7 11. exd5 exd5 12. Ndf1 d4 13. Bf4 Qd7 14. Ng4 Nd5 15. Bd2 f5 16. Qf3 Rad8
17. Ne5 Nxe5 18. Rxe5 Bf6 19. Ree1 c4 20. dxc4 bxc4 21. Ba5 Rb8 22. Qe2 Qb5 23.
Qe6+ Kh8 24. b4 d3 {Parvanyan,A (2151)-Wachinger,N (2442) Magdeburg GER 2022
0-1 (53)}) 10... d4 11. N1h2 a5 12. Ng4 e5 13. Nfh2 Nxg4 14. Nxg4 Be6 15. f4 f6
16. f5 Bf7 17. Nf2 Rfc8 18. g4 c4 19. h4 cxd3 20. cxd3 Nb4 21. Bd2 Qc2 22. Bxb4
Bxb4 23. Re2 Qxd1+ 24. Nxd1 Bxa2 25. Rxa2 Rc1 26. Bf1 Rxd1 27. Rc2 Rd2 28. Rc7
Bc3 29. Rc5 Rb8 30. g5 Rxb2 31. Rxb2 Bxb2 32. Be2 Ba3 33. Rd5 a4 34. Bd1 Rc8
35. Kf2 Rc5 36. Rd8+ Kf7 37. Rd7+ Kf8 38. gxf6 gxf6 39. Rxh7 Rc1 40. Ke2 Be7
41. Rh8+ Kg7 42. Rb8 a3 43. Bb3 a2 44. Bxa2 Rc2+ 45. Kf3 Rxa2 46. Rxb5 Ra3 47.
Ke2 Kh6 48. Rb7 Bf8 49. Rb8 Bg7 50. Rb1 Ra2+ 51. Kf3 Rd2 52. Rb3 Kh5 53. Kg3
Re2 54. Rb7 Re3+ 55. Kg2 Kh6 56. Rb3 Bf8 57. Rb8 Bg7 58. Rb3 Re2+ 59. Kg3 Rc2
60. Rb1 Kh5 61. Rb7 Kh6 62. Rb1 Rc3 63. Rd1 Kh5 64. Rd2 Bh6 65. Rd1 Bf4+ 66.
Kf3 Rc1 67. Rxc1 Bxc1 68. Kg3 Bd2 69. Kh3 Be1 70. Kg2 Bxh4 71. Kf3 Kg5 72. Ke2
Kf4 73. Kd2 Kf3 74. Kd1 Ke3 75. Kc2 Ke2 0-1

[Event "Floripa Chess Open 2024"]
[Site "Florianopolis"]
[Date "2024.01.25"]
[Round "7.77"]
[White "Benitez, Andres"]
[Black "Gomes, Maria Eduarda Papin"]
[Result "1-0"]
[WhiteElo "1956"]
[BlackElo "1744"]
[PlyCount "43"]
[EventDate "2024.01.20"]
[EventRounds "10"]
[EventCountry "BRA"]

1. e4 c5 2. Nf3 Nc6 3. d4 cxd4 4. Nxd4 Nf6 5. Nc3 e6 6. Nxc6 bxc6 7. Bd3 d5 8.
O-O Be7 9. e5 Nd7 10. f4 ({RR} 10. Qg4 Kf8 11. Qg3 c5 12. Na4 Bb7 13. c4 d4 14.
b3 h5 15. Re1 Qc8 16. Bg5 Qd8 17. Bxe7+ Qxe7 18. h4 g6 19. Be4 Bxe4 20. Rxe4
Kg7 21. Rae1 a5 22. Qf3 Rab8 23. Nb2 Nb6 24. Nd3 a4 {Bachmann,A (2604)-Dubov,D
(2708) chess.com INT 2023 0-1}) 10... c5 11. b3 ({RR} 11. Kh1 a5 12. a4 Ba6 13.
Bxa6 Rxa6 14. Bd2 O-O 15. Nb5 Nb6 16. b3 d4 17. Qe1 Nd5 18. Rd1 g6 19. Qg3 f5
20. Rfe1 Kh8 21. Na3 Rg8 22. Qd3 Ra8 23. Nc4 g5 24. fxg5 Bxg5 25. Nd6 Ra7 {
Guevara Sanchez,E (2059)-Jeet,J (2320) chess.com INT 2023 0-1 (69)}) 11... Bb7
$146 ({RR} 11... Qb6 12. Kh1 Bb7 13. Qe2 a6 14. f5 d4 15. fxe6 Qxe6 16. Bc4
Qxe5 17. Bxf7+ Kd8 18. Qxe5 Nxe5 19. Bd5 Ra7 20. Bxb7 Rxb7 21. Nd5 Rf8 22. Bd2
Rxf1+ 23. Rxf1 Kd7 24. Re1 Bd6 25. Nf4 Kc6 26. c3 {Svoboda,I (1800)-Zingaylo,A
(2071) Yuzhny 2011 0-1 (45)}) 12. Qe2 Qc7 13. Nb5 Qb6 14. c4 O-O 15. f5 a6 16.
f6 Bxf6 17. exf6 Nxf6 18. Rxf6 gxf6 19. Qg4+ Kh8 20. Qh4 f5 21. Qf6+ Kg8 22.
Bh6 1-0

[Event "Floripa Chess Open 2024"]
[Site "Florianopolis"]
[Date "2024.01.25"]
[Round "7.79"]
[White "Cantarino Neto, Mario Ribeiro"]
[Black "Cordioli, Jairo Ribeiro"]
[Result "1-0"]
[WhiteElo "1944"]
[BlackElo "1703"]
[PlyCount "115"]
[EventDate "2024.01.20"]
[EventRounds "10"]
[EventCountry "BRA"]

1. c4 e5 2. Nc3 Nf6 3. Nf3 d6 4. g3 Nc6 5. Bg2 Be7 6. O-O O-O 7. d3 Bd7 8. a3 (
{RR} 8. Nd5 a5 9. Bd2 Re8 10. Rc1 b6 11. Bc3 Nxd5 12. cxd5 Nb4 13. Bxb4 axb4
14. Qb3 Qb8 15. Ne1 Bg5 16. e3 Bd8 17. Nc2 Ba4 18. Qxb4 Bxc2 19. Rxc2 Rxa2 20.
Bh3 Re7 21. Rcc1 Qa8 22. e4 g6 {Aronyak,G (2482)-Md.,S (2205) Dhaka BAN 2022
1-0 (59)}) 8... a5 9. Rb1 Qc8 10. Bg5 $146 ({RR} 10. b4 axb4 11. axb4 Nd8 12.
Bd2 c6 13. b5 Ne6 14. bxc6 Bxc6 15. e3 e4 16. Ne1 exd3 17. Nxd3 Ng5 18. Qb3
Bxg2 19. Kxg2 Qh3+ 20. Kh1 Nf3 {0-1 (20) Figura,A-Mueller,P Berlin 1999}) ({RR
} 10. Re1 Bh3 11. Bh1 h6 12. Bd2 Qg4 13. b4 axb4 14. axb4 Rfb8 15. Qc2 Qc8 16.
Qb2 Nd8 17. Ra1 Rxa1 18. Rxa1 Ra8 19. Ne1 Bd7 20. Nc2 Rxa1+ 21. Qxa1 Qb8 22.
Ne3 Bc6 23. Ncd5 Nxd5 24. Nxd5 Bxd5 {Tassetti,M (1985)-Kehren,T (1695) France
2007 1-0 (35)}) 10... h6 11. Bxf6 Bxf6 12. Nd5 Bd8 13. b4 axb4 14. axb4 Bh3 15.
e3 Bxg2 16. Kxg2 Ne7 17. Nxe7+ Bxe7 18. Qb3 f5 19. c5+ Kh8 20. cxd6 Bxd6 21.
Qd5 Qe8 22. d4 exd4 23. Nxd4 Qe4+ 24. Qxe4 fxe4 25. b5 Be5 26. Ne6 Rf6 27. Nc5
Rb6 28. Nxe4 Ra5 29. f4 Bf6 30. Nxf6 Rxf6 31. Rfc1 c6 32. bxc6 bxc6 33. Rb8+
Kh7 34. h4 Re6 35. Rc3 Rd6 36. Kf3 Ra6 37. h5 g6 38. Rb7+ Kg8 39. Rc5 gxh5 40.
Rxh5 Ra8 41. Rc7 Re8 42. Rh1 Rde6 43. Re1 R8e7 44. Rxe7 Rxe7 45. Rc1 Rc7 46.
Rc5 Kf7 47. e4 Ke7 48. e5 Kd7 49. Kg4 Ra7 50. Kf5 Ra8 51. Kf6 Rg8 52. Rc3 c5
53. Kf7 Rc8 54. e6+ Kc6 55. e7 Kd5 56. e8=Q Rxe8 57. Kxe8 Kd4 58. Rc1 1-0

[Event "Floripa Chess Open 2024"]
[Site "Florianopolis"]
[Date "2024.01.25"]
[Round "7.80"]
[White "Carvalho Jr, Celestino"]
[Black "Dias, Matheus Nunes"]
[Result "1-0"]
[WhiteElo "1939"]
[BlackElo "1684"]
[PlyCount "41"]
[EventDate "2024.01.20"]
[EventRounds "10"]
[EventCountry "BRA"]

1. Nf3 d5 2. d3 c5 3. g3 Nc6 4. Nbd2 Nf6 5. Bg2 g6 6. O-O Bg7 7. Re1 O-O 8. e4
dxe4 9. dxe4 Bg4 10. h3 Bxf3 11. Bxf3 e5 12. c3 Qd7 13. Bg2 Rad8 14. Qe2 Bh6
$146 ({RR} 14... Qd3 15. Qxd3 Rxd3 16. Nb3 b6 17. Bf1 Rd6 18. a4 Rfd8 19. a5 h6
20. axb6 axb6 21. Bb5 Ne8 22. Be3 Nc7 23. Bc4 Kf8 24. Nxc5 bxc5 25. Bxc5 Ke8
26. Bxd6 Rxd6 27. b4 Nd8 28. b5 Rb6 29. Red1 {Benidze,D (2525)-Severcan,S  
(1915) Cesme 2017 1-0 (51)}) 15. Nc4 Bxc1 16. Raxc1 b5 17. Ne3 Qd2 18. Qxb5 Qd7
19. Rcd1 Qc7 20. Qxc5 Rb8 21. Nd5 1-0

[Event "Floripa Chess Open 2024"]
[Site "Florianopolis"]
[Date "2024.01.25"]
[Round "7.81"]
[White "Pavoni, Felipe Stevanin"]
[Black "Garmendia Vega, Gabriel"]
[Result "0-1"]
[WhiteElo "1662"]
[BlackElo "1937"]
[PlyCount "44"]
[EventDate "2024.01.20"]
[EventRounds "10"]
[EventCountry "BRA"]

1. e4 {Ftacnik,L} c5 2. Nf3 d6 3. d4 cxd4 4. Nxd4 Nf6 5. Nc3 a6 6. Bc4 e6 7.
Bb3 b5 8. Bg5 Be7 9. Qf3 Qc7 10. O-O-O O-O 11. g4 ({RR} 11. e5 dxe5 12. Ndxb5
axb5 ({RR} 12... Qb7 13. Qxb7 Bxb7 14. Nc7 Bxg2 15. Nxa8 Bxa8 16. Rhg1 Nc6 17.
Ne2 Rc8 18. c3 Na5 19. Bc2) ({RR} 12... Qc6 13. Qxc6 Nxc6 14. Nd6 Rd8 15. Nc4 (
{RR} 15. Nxc8 Raxc8 16. Bc4) 15... Bb7 16. f3 Bc5 17. Bxf6 gxf6 18. Ne4 Be7 19.
Ned6 Rab8 20. Nxb7 Rxb7 21. Rxd8+ Bxd8 22. Rd1 Be7) 13. Qxa8 b4 ({RR} 13... Bb7
14. Qa7 Nc6 15. Nxb5 Nxa7 16. Nxc7 Bd8 17. Be3 Bxc7 18. Bxa7 Bxg2 19. Rhg1 Bf3
20. Bc5 Rc8 21. Be7 Ng4 22. Rd3 Nxh2 23. Rc3 Bb7 24. Bf6 g6) 14. Nb5 Qb6 15.
Qa7 Qxb5 16. Qxe7 Nc6 17. a4 ({RR} 17. Qc7 Nd5 18. Qd6 Nd4 19. Be3 Nxb3+ 20.
axb3 Qa5 21. Kb1 Bb7 22. Qc5 Qa6 23. Qa7 Qc6) 17... Qa6 ({RR} 17... bxa3 18.
Qxa3 Nd7 19. Ba4) 18. Qc5 Nd5 ({RR} 18... Ne4 19. Qe3 Nxg5 20. Qxg5) 19. Kb1 ({
RR} 19. Qb5 Qa8 20. Rhe1 Bb7 21. Bxd5 exd5 22. f4) 19... Bb7 20. Bxd5 ({RR} 20.
Rhe1 Ra8 21. Qb5) 20... exd5 21. Rxd5 h6 ({RR} 21... Qxa4 22. Qb5 Qa8 23. Rd7
Bc8 24. Rd6 Nd4 25. Qxe5 b3 26. Rxd4 Qa2+ 27. Kc1 Qa1+ 28. Kd2 Qxh1 29. Be7
bxc2 30. Kxc2 Re8 31. Qb5) 22. Be3 Qxa4 ({RR} 22... b3 23. Qb5 ({RR} 23. cxb3
Nd4 24. Rd1) 23... bxc2+ 24. Kc1 Qa8 25. Rd7) 23. Qb5 Qa8 24. Rd7 ({RR} 24. Rd6
Rc8 25. Rhd1) 24... Rb8 ({RR} 24... Bc8 25. Rc7 Be6 26. b3) 25. Qc4 Nd8 {
Hamdouchi,H (2588)-Naiditsch,A (2576) Wijk aan Zee 2004 CBM 099 [Ftacnik,L]
1-0 (34) RR} 26. f3 b3 27. Qxb3 Bc6 28. Ra7) ({RR} 11. Rhe1 b4 12. Na4 Bd7 13.
e5 dxe5 14. Qxa8 exd4 15. Rxd4 Nc6 16. Bf4 Rxa8 17. Bxc7 Nxd4 18. Nb6 Nxb3+ 19.
axb3 Ra7 {0-1 (19) Aponte Montes de Oca,O (2022)-Patino Garcia,C (1856)
Maturin 2015}) 11... Nbd7 $146 ({RR} 11... b4 12. Na4 Bb7 13. Bxf6 Bxf6 14. Qe3
Nc6 15. Nxc6 Bxc6 16. f3 Qa5 17. Qb6 Qg5+ 18. Rd2 Bxa4 19. Bxa4 Bc3 {0-1 (19)
Szczukiewicz,A (2090)-Krzyzanowski,M (2372) Rewal 2009}) 12. Bxf6 Bxf6 13. g5
Bxg5+ 14. Kb1 Nc5 15. Rhg1 Qe7 16. h4 Bh6 17. Nc6 Qc7 18. Qf6 Kh8 19. Qe7 Qxe7
20. Nxe7 Bb7 21. Rxd6 Bf4 22. Rd4 Rae8 0-1

[Event "Floripa Chess Open 2024"]
[Site "Florianopolis"]
[Date "2024.01.25"]
[Round "7.82"]
[White "Da Silva, Esequiel Luis Melo"]
[Black "Lucci, Bruno Wendorff"]
[Result "0-1"]
[WhiteElo "1647"]
[BlackElo "1931"]
[PlyCount "96"]
[EventDate "2024.01.20"]
[EventRounds "10"]
[EventCountry "BRA"]

1. d4 Nf6 2. Nf3 g6 3. Bg5 Bg7 4. Nbd2 O-O 5. e3 d6 6. Bd3 Nbd7 7. O-O Re8 8.
Qe2 c6 9. c3 Qc7 10. Rfd1 e5 11. dxe5 dxe5 12. Bxf6 $146 ({RR} 12. Bc4 e4 13.
Ne1 Ne5 14. Bb3 Bg4 15. f3 exf3 16. Ndxf3 h6 17. Bh4 Qb6 18. Nc2 a5 19. Ncd4 a4
20. Bc4 Nxc4 21. Qxc4 Nd5 22. Bf2 Qxb2 23. Rdc1 Bxf3 24. gxf3 Nxe3 25. Bxe3
Rxe3 26. Rab1 Qd2 {Korning,P-Serra Olives,T Varna 1962 0-1 (49)}) 12... Nxf6
13. e4 Nh5 14. g3 Bg4 15. Nc4 Rad8 16. Ne3 Qc8 17. Kg2 Rd6 18. Nxg4 Qxg4 19. h3
Nf4+ 20. Kg1 Nxh3+ 21. Kh1 g5 22. Rf1 h5 23. Ng1 Nxg1 24. Kxg1 Qh3 25. Rfd1 h4
26. Qe3 Rh6 27. Bf1 Qg4 28. Be2 Qe6 29. Qxg5 hxg3 30. Bg4 gxf2+ 31. Kxf2 Qc4
32. Rd8 Qc5+ 33. Kg2 Rxd8 34. Qxd8+ Bf8 35. Kf3 Kg7 36. Qg5+ Kh8 37. Bf5 Qd6
38. Qe3 Rh2 39. Kg3 Bh6 40. Qf3 Bf4+ 41. Qxf4 exf4+ 42. Kxh2 Qd2+ 43. Kh3 Qf2
44. Kg4 Qg3+ 45. Kh5 f6 46. Bg4 Kg7 47. Rh1 f3 48. Rh3 Qf4 0-1

[Event "Floripa Chess Open 2024"]
[Site "Florianopolis"]
[Date "2024.01.25"]
[Round "7.83"]
[White "Muzzi, Eduardo"]
[Black "Reis, Virginia Lagrange M"]
[Result "1-0"]
[WhiteElo "1913"]
[BlackElo "1676"]
[PlyCount "45"]
[EventDate "2024.01.20"]
[EventRounds "10"]
[EventCountry "BRA"]

1. e4 c5 2. Nc3 Nc6 3. Bc4 e6 4. f4 g6 5. Nf3 Bg7 6. O-O Nge7 7. Qe1 a6 8. a4
O-O 9. d3 d6 10. f5 exf5 11. Qh4 Ne5 12. Bg5 N5c6 13. Nd5 Re8 14. Nf6+ Bxf6 15.
Bxf6 h5 16. Qg5 Kh7 17. Bxf7 Rg8 18. Bxg8+ Kxg8 $146 ({RR} 18... Qxg8 19. Bxe7
b6 20. Qf6 Bd7 21. exf5 Bxf5 22. Ng5+ {1-0 (22) Zickelbein,E (2162)-Ludwig,I  
(1570) Fuerth 2001}) 19. Nh4 Qe8 20. exf5 Nd5 21. Rae1 Ne5 22. Nxg6 Kh7 23.
Qxh5+ 1-0

[Event "Floripa Chess Open 2024"]
[Site "Florianopolis"]
[Date "2024.01.25"]
[Round "7.84"]
[White "De Oliveira, Gualter Amelio"]
[Black "Peixoto, Rudson Marinho"]
[Result "0-1"]
[WhiteElo "1585"]
[BlackElo "1895"]
[PlyCount "68"]
[EventDate "2024.01.20"]
[EventRounds "10"]
[EventCountry "BRA"]

1. d4 e6 2. c4 Nf6 3. a3 b6 4. Nf3 Bb7 5. e3 Be7 ({RR} 5... d5 6. cxd5 exd5 7.
Bd3 Bd6 8. O-O Nbd7 9. Nc3 a6 10. h3 O-O 11. Re1 Re8 12. Bd2 Ne4 13. Rc1 Ndf6
14. Qe2 Qe7 15. Red1 h6 16. Be1 Kh8 17. Bb1 Kg8 18. Qc2 Rac8 19. Nxe4 Nxe4 20.
Nd2 {Mamedov,R (2617)-Andreikin,D (2580) Plovdiv 2008 0-1 (41)}) 6. Bd3 O-O ({
RR} 6... Ne4 7. O-O O-O 8. Qc2 f5 9. b3 d6 10. Nbd2 Nxd2 11. Nxd2 Qe8 12. d5
Qg6 13. e4 Nd7 14. exf5 exf5 15. Bb2 Ne5 16. f4 Nxd3 17. Qxd3 Bf6 18. Bxf6 Qxf6
19. Nf3 Rae8 20. Rae1 Bc8 21. Nd4 {Congrains Diaz,A (2025)-Wlogalski,O (1858)
Barcelona ESP 2022 1-0 (38)}) 7. Nbd2 d5 8. Qe2 $146 ({RR} 8. b4 dxc4 9. Nxc4
Be4 10. Bb2 Qd5 11. Be2 Nbd7 12. Ncd2 Rad8 13. Rc1 Qb7 14. Nxe4 Nxe4 15. Bd3 f5
16. Bc4 Rf6 17. d5 Rg6 18. g3 Ndf6 19. Ne5 Nxd5 20. Nxg6 hxg6 21. Qa4 c6 22.
Qd1 Nf4 {Rossello Sanchez,B (1345)-Coll Verger,A (1712) Palma de Mallorca 2013
1-0 (36)}) ({RR} 8. O-O Nbd7 9. Qe2 c5 10. b3 Qc7 11. Bb2 Rac8 12. Rac1 Qb8 13.
h3 Rfd8 14. Rfd1 Qa8 15. Re1 h6 16. a4 Ne4 17. Red1 Nxd2 18. Rxd2 Nf6 19. Rdd1
cxd4 20. Bxd4 Kf8 21. Ne1 Ne8 22. f3 Bf6 {Jantzen,L-Gruening,S Dresden 2001 1/
2-1/2}) 8... Ne4 9. O-O Nd7 10. Ne1 c5 11. cxd5 exd5 12. Ndf3 Bf6 13. Bb1 Re8
14. Qd1 c4 15. Qc2 g6 16. g3 Rc8 17. Nd2 Nd6 18. h4 b5 19. Qc3 Bg7 20. Bc2 Nf6
21. Ng2 Qb6 22. f3 Nh5 23. g4 Rxe3 24. Nxe3 Bxd4 25. Kh2 Bxc3 26. Nxd5 Bxd5 27.
gxh5 Be5+ 28. f4 Bg7 29. hxg6 hxg6 30. Nf3 c3 31. bxc3 Rxc3 32. Ne1 Qd8 33. Bd2
Qxh4+ 34. Kg1 Qg3+ 0-1

[Event "Floripa Chess Open 2024"]
[Site "Florianopolis"]
[Date "2024.01.25"]
[Round "7.85"]
[White "Ferreira, Gabriel Duque"]
[Black "Flesch, Lucas Henrique Ye"]
[Result "1/2-1/2"]
[WhiteElo "1891"]
[BlackElo "1571"]
[PlyCount "50"]
[EventDate "2024.01.20"]
[EventRounds "10"]
[EventCountry "BRA"]

1. c4 e6 2. Nf3 d5 3. Nc3 Nf6 4. g3 Be7 5. Bg2 O-O 6. cxd5 exd5 7. d4 h6 8. O-O
Be6 9. Bf4 $146 ({RR} 9. Qc2 Nc6 10. a3 Qd7 11. b4 a6 12. Bb2 Bh3 13. Rac1 Bxg2
14. Kxg2 Rac8 15. Na4 Ne4 16. Nc5 Nxc5 17. dxc5 Qe6 18. Rcd1 Rcd8 19. Rd2 Rd7
20. Rfd1 Rfd8 21. Nd4 Nxd4 22. Bxd4 Bf6 23. Bxf6 Qxf6 {Szemes,T (1844)-Kovacs,
P Hungary 2003 1/2-1/2 (36)}) 9... Nbd7 10. Rc1 c6 11. Ne5 Rc8 12. Nxd7 Qxd7
13. Na4 Bh3 14. Nc5 Bxc5 15. Rxc5 Rfe8 16. Rc2 Qf5 17. Re1 Bxg2 18. Kxg2 Re6
19. Bc1 Rce8 20. Rc3 Ne4 21. Rf3 Qh5 22. Re3 Ng5 23. Rxe6 Rxe6 24. Bxg5 Qxg5
25. h4 Qf5 1/2-1/2